Guess the Country Flags With A Bird - Statistics

General Stats
  • This quiz has been taken 75 times
    74 since last reset
  • The average score is 12 of 17
Answer Stats
Picture Answer % Correct
Albania
96%
Mexico
93%
Papua New Guinea
87%
Uganda
87%
Montenegro
84%
Egypt
82%
Serbia
80%
Moldova
78%
Kazakhstan
76%
Dominica
67%
Kiribati
67%
Zambia
67%
Zimbabwe
64%
Guatemala
62%
Ecuador
58%
Bolivia
31%
Fiji
29%
No matching quizzes found
Score Distribution
Percent of People with Each Score
Percentile by Number Answered
Your Score History
You have not taken this quiz since the last reset